000 00684cam a22002413a 4500
001 1650
003 PGUSA
005 20140828083004.0
008 990201s1999||||xxu|||||s|||||000 | eng d
040 _aPGUSA
_beng
042 _adc
050 4 _aBF
100 1 _aWagner, Belle M.
245 1 4 _aThe Light of Egypt; Or, The Science of the Soul and the Stars — Volume 2
_h[electronic resource] /
_cBelle M. Wagner
260 _bProject Gutenberg,
_c1999
506 _aPublic domain in the USA.
516 _aElectronic text
653 _aOccultism
653 _aAstrology
830 0 _aProject Gutenberg
_v1650
856 4 0 _uhttp://www.gutenberg.org/ebooks/1650
942 _cEB
999 _c230996
_d230996